[Event "5th Kings Tournament"]
[Site "Medias ROU"]
[Date "2011.06.12"]
[Round "2"]
[White "Nakamura, Hikaru"]
[Black "Nisipeanu, Liviu-Dieter"]
[Result "1-0"]
[WhiteElo "2774"]
[BlackElo "2659"]
[Annotator "Müller,Karsten"]
[PlyCount "155"]
[EventDate "2011.06.11"]

1. e4 e5 2. Nf3 Nc6 3. Bb5 a6 4. Ba4 Nf6 5. O-O Be7 6. Re1 b5 7. Bb3 d6 8. c3
O-O 9. h3 Na5 10. Bc2 c5 11. d4 Nd7 12. d5 Nb6 13. Nbd2 g6 14. b4 Nb7 15. Nf1
a5 16. Bh6 Re8 17. a3 Bd7 18. Ng3 Qc7 19. Bd3 axb4 20. axb4 Rxa1 21. Qxa1 Ra8
22. Qb1 c4 23. Bc2 f6 24. Be3 Nd8 25. Nd2 Nf7 26. f4 exf4 27. Bxf4 Ne5 28. Be3
Ra3 29. Ne2 Na4 30. Bd4 Bf8 31. Rf1 Qd8 32. Qc1 Ra2 33. Nf3 Bg7 34. Nxe5 fxe5
35. Be3 Nb6 36. Kh2 Be8 37. Ng1 h6 38. Bb1 Ra1 39. Qb2 Ra8 40. Bc2 Nd7 41. Ra1
Rxa1 42. Qxa1 Nf6 43. Qa6 Bf8 44. Nf3 Bd7 45. Nd2 Nh5 46. Nf3 Nf6 47. Kg1 Qc8
48. Qa1 Qb8 49. Kf1 Nh5 50. g4 Nf4 51. Bxf4 exf4 52. e5 dxe5 53. Qa6 Qd6 54.
Qxd6 Bxd6 55. Bxg6 Kg7 56. Be4 h5 57. Nh2 Kh6 58. Kg2 hxg4 59. hxg4 Kg5 60. Kh3
f3 61. Kg3 f2 62. Nf3+ Kh6 63. g5+ Kh5 64. Kxf2 Be8 65. Ke3 Bf7 {[#]} {The
knight storms the fortress  White has a solid extra pawn, but at first sight
it seems that Black's castle can not be taken as there are no inroads.
Nakamura opens the gate first on the kingside to finally use the back door on
the queenside:} 66. g6 $1 Bxg6 (66... Bg8 {[%cal Gg6f7,Gg6h7,Gd5e6] does not
help:} 67. Nh2 Be7 68. Kf3 Bh4 69. Ng4 Be7 (69... Be1 70. Nf6+ $18) 70. Ne3 Bf6
71. Nc2 $18 {[%cal Gc2a3,Ga3b5]}) 67. Bxg6+ Kxg6 68. Ke4 Kf6 69. Nd2 $1 {[%cal
Gd2b1,Gb1a3,Ga3b5] White's knight is just in time on the queenside.} Bf8 70.
Nb1 Bh6 71. Na3 Bc1 72. Nxb5 Bd2 73. Nd6 Bxc3 74. b5 Ke7 75. Nxc4 {White has
full control and will win the e-pawn first and the game later.} Be1 (75... Kf6
76. b6 Bd4 77. b7 Ba7 78. Nxe5 $18) 76. Kxe5 Bg3+ (76... Bc3+ 77. Ke4 Be1 78.
b6 Kd7 79. Kd4 Bf2+ 80. Kc3 (80. Ke5 $2 {spoils it due to} Bc5 $11) 80... Kc8
81. Kb4 Kb7 82. Kb5 $18) 77. Kd4 Bf2+ 78. Kc3 (78. Kc3 Kd7 79. Kb4 Be1+ 80. Ka4
Kc7 81. b6+ Kb7 82. Kb5 $18) 1-0